Welcome to the Holygrace Academy Library

Please use search bar below to get started

DELTORA QUEST (Record no. 6000)

MARC details
000 -LEADER
fixed length control field 00638nam a22001457a 4500
020 ## - INTERNATIONAL STANDARD BOOK NUMBER
ISBN 0-439-25324-1
082 ## - DEWEY DECIMAL CLASSIFICATION NUMBER
Classification number 823
Item number STI/G
100 ## - MAIN ENTRY--AUTHOR NAME
Personal name RODDA, EMILY
245 ## - TITLE STATEMENT
Title DELTORA QUEST
Remainder of title THE LAKE OF TEARS
260 ## - PUBLICATION, DISTRIBUTION, ETC. (IMPRINT)
Place of publication NEW YORK
Name of publisher SCHOLASTIC INC
Year of publication 2000
300 ## - PHYSICAL DESCRIPTION
Number of Pages 129
520 ## - SUMMARY, ETC.
Summary, etc Lief, Barda and their unruly new companion, Jasmine, are on a perilous quest to find the seven gems stolen from the magic Belt of Deltora. The golden topaz has already been found. But only when all the gems have been restored to the Belt can their land be freed from the dark power of the evil Shadow Lord.
650 ## - SUBJECT ADDED ENTRY--TOPICAL TERM
Topical Term ADVENTURE
Geographic subdivision UNITED STATES
942 ## - ADDED ENTRY ELEMENTS (KOHA)
Koha item type Books
Holdings
Withdrawn status Lost status Collection code Home library Current library Shelving location Date acquired Source of acquisition Full call number Accession Number Koha item type
    Fiction Main Library Main Library SHELF 15 H-HARRY POTTER(CHARACTERISATION),WIMPY KID,DORK DIARIES 12/06/2012 purchase 823 STI/G 06397 Books